000 00884nam a2200229Ia 4500
003 OSt
005 20200929131943.0
008 191128s1997 ck ao gr 000 0 spa d
020 _a9589567487
040 _aCO-JMCR
_cCO-JMCR
041 0 _aspa
082 0 4 _a613.2 /
_bG896q
_223
245 0 _aGuía familiar vivir mejor :
_buna obra sana para vivir una vida plena/
260 _a[Bogotá] :
_bEl Tiempo : Dorling Kinderley,
_c[1997?].
300 _a320 páginas :
_bfotografías a color ;
_c25 cm.
500 _aIncluye glosario e índice.
505 0 _a¿Cuál es tu nivel de salud? -- El alimento es salud -- Vigila tu peso -- El alcohol, el tabaco y las drogas -- Mantenerse en forma -- Dominar el estrés -- Un cuerpo sano -- Vigila tu cuerpo
650 2 4 _aNutrición
_910961
650 2 4 _aHábitos alimenticios
_910962
650 2 4 _aTabaquismo
_910963
942 _2ddc
_cBK
999 _c4430
_d4430